|
|
|
|
| LEADER |
00969nam a22002657a 4500 |
| 001 |
42045 |
| 003 |
BD-DhAAL |
| 008 |
240109t2003 ii ||||| b||| 00| 0 eng d |
| 020 |
|
|
|a 9788171566587
|
| 020 |
|
|
|a 8171566588
|
| 040 |
|
|
|a BD-DhAAL
|c BD-DhAAL
|
| 082 |
|
|
|a 370.15
|2 23
|
| 100 |
|
|
|a Bhattacharya, Srinibas.
|9 55903
|
| 245 |
|
|
|a Psychological foundation of education /
|c Srinibas Bhattacharya.
|
| 264 |
|
|
|a New Delhi :
|b Atlantic Publishers,
|c 2003.
|
| 300 |
|
|
|a 147 pages ;
|c 22 cm.
|
| 504 |
|
|
|a Includes bibliographical references (pages [145]-147).
|
| 526 |
|
|
|a BIED
|
| 541 |
|
|
|a Complimentary copy from BIED
|e 42045
|
| 650 |
|
|
|a Educational psychology.
|
| 650 |
|
|
|a Education.
|
| 852 |
|
|
|a Ayesha Abed Library
|c General Stacks
|
| 942 |
|
|
|2 ddc
|c BK
|
| 999 |
|
|
|c 46282
|d 46282
|
| 952 |
|
|
|0 0
|1 0
|2 ddc
|4 0
|6 370_150000000000000_BHA
|7 0
|9 74924
|a BRACUL
|b BRACUL
|c GEN
|d 2024-01-09
|e Complimentary copy from BIED
|l 0
|o 370.15 BHA
|p 3010042045
|r 2024-01-09
|t 1
|w 2024-01-09
|y BK
|x BIED-2411
|